00445nam a2200169Ia 4500008004100000020001300041040001900054041001200073082001700085100001800102245003500120260003100155300001800186440003500204650001300239850002300252131103s9999 xx 000 0 und d cRs.20.00 aLoreto College aEnglish aCHBKb#NAME? aBaum, L.Frank 4aThe wizard of ozcL.Frank Baum aNew DelhibMadhuban c1992 a119p c 21cm. aMadhuban supplementary readers aCHBK - 1 aLCBED/CHBK - 1/BAU